[Event "Czech Open GM 2019"]
[Site "Pardubice"]
[Date "2019.07.24"]
[Round "6.14"]
[White "Menezes, Christoph"]
[Black "Kraus, Tomas"]
[Result "1/2-1/2"]
[WhiteElo "2413"]
[BlackElo "2486"]
[Annotator "ChessBase"]
[PlyCount "85"]
[EventDate "2019.07.19"]
[EventType "swiss"]
[EventCountry "CZE"]
[SourceTitle "playchess.com"]
[Source "ChessBase"]
[SourceQuality "1"]

1. c4 e6 2. Nc3 d5 3. d4 a6 4. cxd5 exd5 5. Nf3 h6 6. Bf4 Nf6 7. e3 Bd6 8. Bd3 O-O 9. h3 Bxf4 10. exf4 Re8+ 11. Ne5 c5 12. dxc5 Nbd7 13. O-O Nxe5 14. fxe5 Rxe5 15. Ne2 Bd7 16. Nd4 Qa5 17. Rc1 Rc8 18. Qb3 Rxc5 19. Nf3 Re8 20. Qxb7 Bc8 21. Qb3 Ne4 22. a3 Bf5 23. Qb7 Bc8 24. Qa7 Rxc1 25. Rxc1 Ng5 26. Nxg5 hxg5 27. Qc7 Qxc7 28. Rxc7 Re1+ 29. Kh2 Be6 30. Bxa6 Rd1 31. Kg3 d4 32. Bc8 Bb3 33. Rd7 Kf8 34. Ba6 Be6 35. Rc7 Rd2 36. Rb7 f5 37. f4 g4 38. hxg4 fxg4 39. Rb8+ Ke7 40. Rb7+ Kd6 41. Rb6+ Ke7 42. Rb7+ Kd6 43. Rb6+ 1/2-1/2

[Event "Czech Open GM 2019"]
[Site "Pardubice"]
[Date "2019.07.24"]
[Round "6.14"]
[White "Potapov, Alexander"]
[Black "Hrabinska, Myroslava"]
[Result "1-0"]
[WhiteElo "2409"]
[BlackElo "2243"]
[Annotator "TA"]
[PlyCount "139"]
[EventDate "2019.07.19"]
[EventType "swiss"]
[EventCountry "CZE"]
[SourceTitle "playchess.com"]
[Source "ChessBase"]
[SourceQuality "1"]

1. d4 d5 2. c4 e6 3. Nc3 Be7 4. Nf3 Nf6 5. Bg5 O-O 6. e3 h6 7. Bh4 Ne4 8. Bg3 c6 9. Qc2 f5 10. Bd3 Nd7 11. O-O-O b5 12. cxb5 cxb5 13. Bxb5 Qb6 14. Ba4 Ndf6 15. Nxe4 fxe4 16. Ne5 Ba6 17. Qb3 Qa5 18. Nc6 Rac8 19. Kb1 Rxc6 20. Bxc6 Bc4 21. Qa4 Qb6 22. Ka1 Rc8 23. b3 Rxc6 24. bxc4 Rxc4 25. Qb3 Rb4 26. Qc2 Rc4 27. Qb2 Qa5 28. Rb1 Ba3 29. Qb3 Kh7 30. f3 Qa6 31. Be1 Nd7 32. Bd2 Nb6 33. Rhd1 Bd6 34. fxe4 Ra4 35. e5 Be7 36. Qc2+ Kg8 37. Bc1 Rc4 38. Qg6 Nc8 39. Qe8+ Kh7 40. Qb5 Qxb5 41. Rxb5 Nb6 42. Bd2 Rc2 43. Kb1 Rc8 44. Rf1 Kg6 45. Rb3 Bg5 46. Rc3 Nc4 47. Bc1 a5 48. e4 dxe4 49. Bxg5 Kxg5 50. Kc1 a4 51. g3 h5 52. Rf4 e3 53. Re4 Kf5 54. Rexe3 Nxe3 55. Rxc8 Ke4 56. Re8 Kd5 57. Rd8+ Ke4 58. Kd2 Nf1+ 59. Ke2 Nxh2 60. d5 Kxe5 61. dxe6 Kxe6 62. Ra8 Ng4 63. Rxa4 Ne5 64. Rh4 g6 65. Ke3 Nf7 66. a4 Nd6 67. Rb4 g5 68. a5 Kd5 69. a6 Nc8 70. Rb8 1-0

[Event "Czech Open GM 2019"]
[Site "Pardubice"]
[Date "2019.07.24"]
[Round "6.15"]
[White "Potapov, Pavel"]
[Black "Hemant, Sharma"]
[Result "1-0"]
[WhiteElo "2485"]
[BlackElo "2355"]
[Annotator "TA"]
[PlyCount "55"]
[EventDate "2019.07.19"]
[EventType "swiss"]
[EventCountry "CZE"]
[SourceTitle "playchess.com"]
[Source "ChessBase"]
[SourceQuality "1"]

1. d4 d5 2. c4 e6 3. Nc3 Nf6 4. cxd5 exd5 5. Bg5 Be7 6. e3 c6 7. Bd3 Nbd7 8. Qc2 O-O 9. Nf3 Re8 10. O-O Nf8 11. h3 Be6 12. Ne5 N6d7 13. Bxe7 Qxe7 14. f4 f6 15. Nf3 Bf7 16. Rae1 c5 17. Qf2 a6 18. e4 dxe4 19. Bxe4 Qd6 20. Bxb7 Rxe1 21. Rxe1 Rb8 22. Be4 cxd4 23. Nxd4 Nc5 24. Nf5 Nxe4 25. Nxe4 Qb4 26. Ned6 Bxa2 27. Re7 Qxb2 28. Rxg7+ 1-0

[Event "Czech Open GM 2019"]
[Site "Pardubice"]
[Date "2019.07.24"]
[Round "6.15"]
[White "Polatel, Ali"]
[Black "Koykka, Pekka"]
[Result "0-1"]
[WhiteElo "2241"]
[BlackElo "2402"]
[Annotator "RC"]
[PlyCount "160"]
[EventDate "2019.07.19"]
[EventType "swiss"]
[EventCountry "CZE"]
[SourceTitle "playchess.com"]
[Source "ChessBase"]
[SourceQuality "1"]

1. e4 Nf6 2. d3 e5 3. Nf3 Nc6 4. Be2 d5 5. Nbd2 Bc5 6. O-O O-O 7. c3 Re8 8. b4 Bf8 9. Bb2 a6 10. a3 Bg4 11. Qc2 Qd7 12. Rad1 Nh5 13. Rfe1 Nf4 14. Bf1 dxe4 15. dxe4 Qe6 16. h3 Bh5 17. Kh2 Qh6 18. g3 Ne6 19. Bc1 Bg4 20. h4 Qh5 21. Be2 g5 22. Rh1 gxh4 23. Kg2 h3+ 24. Kf1 Ng5 25. Qd3 Rad8 26. Qe3 Bh6 27. Nxg5 Bxg5 28. Bxg4 Qxg4 29. Qe2 h5 30. Ke1 Rd6 31. Qxg4 hxg4 32. Nc4 Rg6 33. Bxg5 Rxg5 34. Ke2 f5 35. exf5 Rxf5 36. Ne3 Rg5 37. Nd5 Rf8 38. a4 Rf3 39. Rxh3 Rxc3 40. Rh4 Rc4 41. Rdh1 Re4+ 42. Kf1 Rd4 43. Rh8+ Kf7 44. Ne3 Rxb4 45. Kg2 Rg8 46. R8h5 Rxa4 47. Rf5+ Ke8 48. Rh7 Rf8 49. Rg5 Rf7 50. Rg8+ Ke7 51. Rh6 a5 52. Nxg4 Ra2 53. Rc8 Kd7 54. Ra8 e4 55. Nf6+ Ke6 56. Nxe4+ Ke5 57. Rh4 a4 58. Kh3 b5 59. Nc5 Rfxf2 60. Nd3+ Kd5 61. Nxf2 Rxf2 62. g4 Rf3+ 63. Kg2 Rf7 64. Rh1 Ne5 65. Kg3 Rf3+ 66. Kh4 Rf4 67. Rd1+ Kc5 68. Kg5 Rxg4+ 69. Kf5 Nc4 70. Rd7 c6 71. Re7 Rg2 72. Kf4 a3 73. Ra6 Rf2+ 74. Kg3 Rf6 75. Rb7 Kb4 76. Kg4 Kb3 77. Kg5 Rd6 78. Ra8 a2 79. Rh7 Rd1 80. Rha7 Rd2 0-1

[Event "Czech Open GM 2019"]
[Site "Pardubice"]
[Date "2019.07.24"]
[Round "6.16"]
[White "Polschikov, Alexey"]
[Black "Karthik Venkataraman"]
[Result "1/2-1/2"]
[WhiteElo "2375"]
[BlackElo "2480"]
[Annotator "ChessBase"]
[PlyCount "47"]
[EventDate "2019.07.19"]
[EventType "swiss"]
[EventCountry "CZE"]
[SourceTitle "playchess.com"]
[Source "ChessBase"]
[SourceQuality "1"]

1. Nf3 d5 2. d4 Nf6 3. c4 c6 4. Nc3 e6 5. g3 dxc4 6. Bg2 b5 7. O-O Bb7 8. Ne5 Qb6 9. b3 cxb3 10. Qxb3 Be7 11. Rd1 O-O 12. a4 b4 13. a5 Qc7 14. Ne4 Nd5 15. Bb2 Ba6 16. e3 Bb5 17. Rdc1 Na6 18. Nd3 Rfd8 19. Nec5 Nxc5 20. Nxc5 Rab8 21. Ra2 Bd6 22. Ne4 Be7 23. Nc5 Bd6 24. Ne4 1/2-1/2

[Event "Czech Open GM 2019"]
[Site "Pardubice"]
[Date "2019.07.24"]
[Round "6.16"]
[White "Lederman, Leon"]
[Black "Bruedigam, Martin"]
[Result "0-1"]
[WhiteElo "2238"]
[BlackElo "2395"]
[Annotator "TA"]
[PlyCount "46"]
[EventDate "2019.07.19"]
[EventType "swiss"]
[EventCountry "CZE"]
[SourceTitle "playchess.com"]
[Source "ChessBase"]
[SourceQuality "1"]

1. e4 c5 2. Nf3 e6 3. d4 cxd4 4. Nxd4 a6 5. Bd3 Nf6 6. c4 Qc7 7. Nc3 d6 8. Be3 Nbd7 9. Rc1 g6 10. O-O Bg7 11. f4 O-O 12. Be2 b6 13. Bf3 Bb7 14. Qe1 Nc5 15. Qh4 Ncxe4 16. Bxe4 Nxe4 17. f5 exf5 18. Rxf5 Nxc3 19. Rxc3 Rae8 20. Rf1 Re4 21. Qf2 Rg4 22. g3 Bxd4 23. Bxd4 Qc6 0-1

[Event "Czech Open GM 2019"]
[Site "Pardubice"]
[Date "2019.07.24"]
[Round "6.17"]
[White "Warmerdam, Max"]
[Black "Cerveny, Petr"]
[Result "1/2-1/2"]
[WhiteElo "2480"]
[BlackElo "2333"]
[Annotator "TA"]
[PlyCount "66"]
[EventDate "2019.07.19"]
[EventType "swiss"]
[EventCountry "CZE"]
[SourceTitle "playchess.com"]
[Source "ChessBase"]
[SourceQuality "1"]

1. e4 c5 2. Nf3 d6 3. d4 cxd4 4. Nxd4 Nf6 5. Nc3 a6 6. h4 Nc6 7. Be3 e6 8. Be2 Bd7 9. g4 Nxd4 10. Qxd4 e5 11. Qd1 Rc8 12. Bf3 h6 13. Rg1 Rxc3 14. bxc3 Bc6 15. Qd3 Qa5 16. g5 hxg5 17. hxg5 Nd7 18. Qc4 g6 19. Kd2 Rh4 20. Rh1 d5 21. Qb3 d4 22. Rxh4 Nc5 23. Qc4 Bb5 24. Qb4 dxe3+ 25. Kxe3 Qd8 26. Rg1 Qb6 27. Kd2 Nb3+ 28. Qxb3 Qxf2+ 29. Kc1 Qxg1+ 30. Kb2 Qxg5 31. Rh7 Qf6 32. a4 Bc6 33. Bg2 Bc5 1/2-1/2

[Event "Czech Open GM 2019"]
[Site "Pardubice"]
[Date "2019.07.24"]
[Round "6.17"]
[White "Rakesh Kumar Jena"]
[Black "Sikorova, Olga"]
[Result "1-0"]
[WhiteElo "2395"]
[BlackElo "2235"]
[Annotator "TA"]
[PlyCount "49"]
[EventDate "2019.07.19"]
[EventType "swiss"]
[EventCountry "CZE"]
[SourceTitle "playchess.com"]
[Source "ChessBase"]
[SourceQuality "1"]

1. d4 Nf6 2. Nf3 g6 3. Nc3 d5 4. Bf4 c6 5. e3 Bg4 6. h3 Bxf3 7. Qxf3 Bg7 8. Bd3 Nbd7 9. O-O-O O-O 10. g4 b5 11. h4 h5 12. gxh5 Nxh5 13. Rdg1 e5 14. dxe5 Qe7 15. Rg5 Nxf4 16. exf4 Bh6 17. Kb1 Bxg5 18. hxg5 Kg7 19. f5 Qxg5 20. f6+ Kg8 21. Qh3 Qh5 22. Qg2 Qxe5 23. Bxg6 Nxf6 24. Bh7+ Kh8 25. Bf5+ 1-0

[Event "Czech Open GM 2019"]
[Site "Pardubice"]
[Date "2019.07.24"]
[Round "6.18"]
[White "Rozman, Levy"]
[Black "Lorscheid, Gerhard"]
[Result "1-0"]
[WhiteElo "2382"]
[BlackElo "2228"]
[Annotator "NA"]
[PlyCount "53"]
[EventDate "2019.07.19"]
[EventType "swiss"]
[EventCountry "CZE"]
[SourceTitle "playchess.com"]
[Source "ChessBase"]
[SourceQuality "1"]

1. c4 Nf6 2. Nc3 c6 3. d4 d6 4. g3 Nbd7 5. Bg2 e5 6. b3 Be7 7. e3 O-O 8. Nge2 Re8 9. O-O Nf8 10. Qd3 Qa5 11. d5 Bd7 12. Bd2 Qa6 13. a4 Rac8 14. a5 b5 15. axb6 Qxb6 16. Ra3 cxd5 17. Nxd5 Nxd5 18. Bxd5 Ne6 19. Rfa1 e4 20. Bxe4 Ng5 21. Bd5 Be6 22. Nf4 Bg4 23. Ra6 Qb8 24. Rxa7 Nf3+ 25. Kg2 Nxd2 26. Qxd2 g5 27. Rb7 1-0

[Event "Czech Open GM 2019"]
[Site "Pardubice"]
[Date "2019.07.24"]
[Round "6.18"]
[White "Meleshko, Volodymyr"]
[Black "Gagare, Shardul"]
[Result "0-1"]
[WhiteElo "2270"]
[BlackElo "2476"]
[Annotator "TA"]
[PlyCount "72"]
[EventDate "2019.07.19"]
[EventType "swiss"]
[EventCountry "CZE"]
[SourceTitle "playchess.com"]
[Source "ChessBase"]
[SourceQuality "1"]

1. d4 Nf6 2. c4 c6 3. Nf3 d5 4. g3 Bf5 5. Bg2 e6 6. Qb3 Qb6 7. c5 Qxb3 8. axb3 Nbd7 9. b4 a6 10. Bf4 h6 11. h4 Be7 12. Nc3 Rc8 13. Nd2 Nh5 14. Be3 Bd8 15. Bf3 Nhf6 16. Nb3 Bc7 17. Rg1 Ng4 18. Bxg4 Bxg4 19. f4 h5 20. Bd2 Bf5 21. Na5 Rb8 22. Nxc6 bxc6 23. Rxa6 Nf6 24. Rxc6 Kd7 25. b5 Ne4 26. Ra6 Nxc3 27. Bxc3 Rxb5 28. Kd2 f6 29. b4 g5 30. Ra7 Rg8 31. Rga1 gxf4 32. gxf4 Kc8 33. Ra8+ Rb8 34. Rxb8+ Kxb8 35. Rf1 Rg4 36. b5 Bxf4+ 0-1

[Event "Czech Open GM 2019"]
[Site "Pardubice"]
[Date "2019.07.24"]
[Round "6.19"]
[White "Gazik, Viktor"]
[Black "Dushyant, Sharma"]
[Result "1-0"]
[WhiteElo "2525"]
[BlackElo "2168"]
[Annotator "ChessBase"]
[PlyCount "83"]
[EventDate "2019.07.19"]
[EventType "swiss"]
[EventCountry "CZE"]
[SourceTitle "playchess.com"]
[Source "ChessBase"]
[SourceQuality "1"]

1. Nf3 Nf6 2. g3 d5 3. Bg2 e6 4. O-O Be7 5. b3 c5 6. Bb2 Nc6 7. c4 d4 8. d3 e5 9. e4 h6 10. Na3 Be6 11. Bc1 Qd7 12. Bd2 g5 13. Qe2 Bg4 14. Rfb1 Kf8 15. Qf1 Kg7 16. Ne1 Kh7 17. Nec2 a5 18. Nb5 Rhg8 19. a3 Nh5 20. Rb2 Rg6 21. b4 Rag8 22. f3 Be6 23. bxc5 Bxc5 24. Rab1 R8g7 25. Na1 Nf4 26. Nb3 Bb6 27. c5 Bd8 28. Nd6 Nxg2 29. Qxg2 b6 30. g4 a4 31. Nc1 bxc5 32. Nf5 Bxf5 33. exf5 Rf6 34. Ne2 e4 35. Rb7 Qd5 36. fxe4 Qa2 37. R7b2 Qxa3 38. Nc1 c4 39. e5 c3 40. exf6 cxd2 41. Rxd2 Bxf6 42. Qxc6 1-0

[Event "Czech Open GM 2019"]
[Site "Pardubice"]
[Date "2019.07.24"]
[Round "6.19"]
[White "Grieve, Harry"]
[Black "Bronstein, Or"]
[Result "0-1"]
[WhiteElo "2235"]
[BlackElo "2378"]
[Annotator "NA"]
[PlyCount "104"]
[EventDate "2019.07.19"]
[EventType "swiss"]
[EventCountry "CZE"]
[SourceTitle "playchess.com"]
[Source "ChessBase"]
[SourceQuality "1"]

1. e4 c5 2. Nf3 d6 3. d4 cxd4 4. Nxd4 Nf6 5. Nc3 a6 6. f3 e5 7. Nb3 Be6 8. Be3 h5 9. Nd5 Bxd5 10. exd5 Nbd7 11. Qd2 g6 12. Be2 Bg7 13. O-O b6 14. c4 O-O 15. Rac1 Re8 16. Na1 a5 17. Nc2 Nc5 18. Na3 e4 19. Bf4 exf3 20. gxf3 Nfd7 21. Bxd6 Qh4 22. Nb5 Bh6 23. Qxh6 Rxe2 24. Rcd1 Rxb2 25. Nc7 Qh3 26. Rf2 Rxf2 27. Kxf2 Rc8 28. Qf4 Nb7 29. Be7 Nbc5 30. Bxc5 Nxc5 31. d6 Rd8 32. Nd5 Qe6 33. Ne7+ Kh7 34. Kf1 Rd7 35. Rd5 Kg7 36. Rd2 Nb7 37. Qd4+ Kh7 38. Nc8 Rd8 39. d7 Nc5 40. Qf4 Rxd7 41. Rxd7 Nxd7 42. Qe4 Qh3+ 43. Kg1 Nc5 44. Qc6 Ne6 45. Qd5 Qh4 46. Qe4 Qg5+ 47. Kf1 Qc1+ 48. Kf2 Qd2+ 49. Kf1 Qc1+ 50. Kf2 Qa3 51. Kg3 Qc5 52. Qb7 Qg1+ 0-1

[Event "Czech Open GM 2019"]
[Site "Pardubice"]
[Date "2019.07.24"]
[Round "6.20"]
[White "Suleymenov, Alisher"]
[Black "Hrdina, Robin"]
[Result "1-0"]
[WhiteElo "2376"]
[BlackElo "2229"]
[Annotator "TA"]
[PlyCount "69"]
[EventDate "2019.07.19"]
[EventType "swiss"]
[EventCountry "CZE"]
[SourceTitle "playchess.com"]
[Source "ChessBase"]
[SourceQuality "1"]

1. d4 d5 2. c4 e6 3. Nf3 Nf6 4. g3 dxc4 5. Bg2 a6 6. O-O Be7 7. Ne5 Nd5 8. e4 Nb6 9. a4 N8d7 10. Nxf7 Kxf7 11. a5 Rf8 12. Nc3 Kg8 13. Be3 Nf6 14. axb6 cxb6 15. Qe2 b5 16. Nxb5 Qd7 17. Nc3 b5 18. g4 Bb7 19. g5 Ne8 20. Bh3 Qc6 21. d5 exd5 22. Nxd5 Bc5 23. Rad1 Nc7 24. Bd7 Qg6 25. Bxc5 Rf7 26. Ne7+ Rxe7 27. Bxe7 Bxe4 28. Rd6 Bd3 29. Rxg6 Bxe2 30. Rc6 Bxf1 31. Rxc7 Bd3 32. Be6+ Kh8 33. Bb4 a5 34. Bc3 b4 35. Bxg7# 1-0

[Event "Czech Open GM 2019"]
[Site "Pardubice"]
[Date "2019.07.24"]
[Round "6.20"]
[White "Martin, Julian"]
[Black "Saduakassova, Dinara"]
[Result "1/2-1/2"]
[WhiteElo "2363"]
[BlackElo "2474"]
[Annotator "TA"]
[PlyCount "38"]
[EventDate "2019.07.19"]
[EventType "swiss"]
[EventCountry "CZE"]
[SourceTitle "playchess.com"]
[Source "ChessBase"]
[SourceQuality "1"]

1. e4 c5 2. Nf3 Nc6 3. d4 cxd4 4. Nxd4 g6 5. c4 Nf6 6. Nc3 d6 7. Be2 Nxd4 8. Qxd4 Bg7 9. Be3 O-O 10. Qd2 a5 11. O-O a4 12. Rab1 Qa5 13. b4 axb3 14. axb3 Qb4 15. Qc2 Be6 16. Bd2 Qb6 17. Be3 Qb4 18. Bd2 Qb6 19. Be3 Qb4 1/2-1/2

[Event "Czech Open GM 2019"]
[Site "Pardubice"]
[Date "2019.07.24"]
[Round "6.21"]
[White "Karttunen, Mika"]
[Black "Parkhov, Yair"]
[Result "1-0"]
[WhiteElo "2466"]
[BlackElo "2354"]
[Annotator "ChessBase"]
[PlyCount "63"]
[EventDate "2019.07.19"]
[EventType "swiss"]
[EventCountry "CZE"]
[SourceTitle "playchess.com"]
[Source "ChessBase"]
[SourceQuality "1"]

1. c4 c6 2. Nf3 d5 3. e3 Nf6 4. Nc3 e6 5. b3 Nbd7 6. Qc2 Bd6 7. Bb2 a6 8. Be2 e5 9. g4 h6 10. O-O-O b5 11. g5 hxg5 12. Nxg5 bxc4 13. bxc4 Rb8 14. Rdg1 Qe7 15. Kd1 Nf8 16. h4 g6 17. Ba1 Ne6 18. f4 Nc5 19. cxd5 cxd5 20. fxe5 Bf5 21. Qc1 Bxe5 22. d4 Nfe4 23. dxe5 Nf2+ 24. Kd2 Nxh1 25. Rxh1 d4 26. Nd5 Qxg5 27. Qxc5 dxe3+ 28. Kc3 Rc8 29. Nf6+ Qxf6 30. Qxc8+ Qd8 31. Qxd8+ Kxd8 32. Kd4 1-0

[Event "Czech Open GM 2019"]
[Site "Pardubice"]
[Date "2019.07.24"]
[Round "6.21"]
[White "Poleg, Matan"]
[Black "Rubes, Jan"]
[Result "1/2-1/2"]
[WhiteElo "2226"]
[BlackElo "2369"]
[Annotator "NA"]
[PlyCount "93"]
[EventDate "2019.07.19"]
[EventType "swiss"]
[EventCountry "CZE"]
[SourceTitle "playchess.com"]
[Source "ChessBase"]
[SourceQuality "1"]

1. d4 Nf6 2. c4 e6 3. Nf3 c5 4. e3 b6 5. Bd3 Bb7 6. O-O cxd4 7. exd4 d5 8. cxd5 Nxd5 9. Ne5 Bd6 10. Qa4+ Kf8 11. Nc3 Bxe5 12. dxe5 Nd7 13. Qd4 Nc5 14. Be2 Ne7 15. Qxd8+ Rxd8 16. Bg5 h6 17. Rfd1 Rxd1+ 18. Rxd1 Nd5 19. Nxd5 Bxd5 20. Be3 Ke7 21. Rc1 Rb8 22. b4 Nd7 23. a3 Kd8 24. f4 Rc8 25. Rxc8+ Kxc8 26. g4 Be4 27. Kf2 Kc7 28. Bb5 Kd8 29. Bd4 Bc2 30. h3 Nf8 31. a4 Ng6 32. Ke3 Ne7 33. a5 Nd5+ 34. Kf3 h5 35. axb6 axb6 36. Bc6 hxg4+ 37. hxg4 Kc7 38. Be8 f5 39. exf6 Nxf6 40. Bxf6 gxf6 41. g5 Kd8 42. Bc6 Ke7 43. Be4 Bd1+ 44. Ke3 e5 45. gxf6+ Kxf6 46. fxe5+ Kxe5 47. Bg2 1/2-1/2

[Event "Czech Open GM 2019"]
[Site "Pardubice"]
[Date "2019.07.24"]
[Round "6.22"]
[White "Roshka, Yevgeniy"]
[Black "Bagi, Mate"]
[Result "0-1"]
[WhiteElo "2353"]
[BlackElo "2459"]
[Annotator "TA"]
[PlyCount "176"]
[EventDate "2019.07.19"]
[EventType "swiss"]
[EventCountry "CZE"]
[SourceTitle "playchess.com"]
[Source "ChessBase"]
[SourceQuality "1"]

1. d4 Nf6 2. c4 b6 3. f3 Nc6 4. e4 e5 5. Ne2 exd4 6. Nxd4 Nxd4 7. Qxd4 Bc5 8. Qe5+ Be7 9. Bf4 d6 10. Qd4 O-O 11. Nc3 Nd7 12. Nd5 Nc5 13. O-O-O Ne6 14. Qd2 Nxf4 15. Nxe7+ Qxe7 16. Qxf4 a6 17. a3 f6 18. Bd3 Be6 19. Qh4 Qf7 20. e5 g5 21. Qh6 dxe5 22. h4 g4 23. f4 Bxc4 24. fxe5 Bxd3 25. Rxd3 fxe5 26. Qg5+ Qg7 27. Qd2 Rf7 28. Re1 Qf6 29. Qc3 Re8 30. Rde3 Qxh4 31. Rxe5 Rxe5 32. Rxe5 Qf6 33. Kb1 h6 34. Qd4 Kh7 35. Ka2 Rg7 36. Qd3+ Qg6 37. Qxa6 Rd7 38. Qe2 Kg7 39. Re8 Qf5 40. Re5 Qg6 41. a4 Qf7+ 42. Ka3 Qf4 43. Re6 Qf5 44. Re4 Qc5+ 45. Kb3 Qd5+ 46. Kc2 h5 47. b3 Qc6+ 48. Rc4 Qg6+ 49. Kb2 Qf6+ 50. Ka2 Re7 51. Qc2 Qe5 52. Rc6 Rf7 53. Qg6+ Kf8 54. Qh6+ Ke7 55. Rc2 g3 56. Rd2 Rf2 57. Qh7+ Kf8 58. Qh6+ Qg7 59. Qe3 Qf6 60. Kb1 Rxd2 61. Qxd2 h4 62. Qb4+ c5 63. Qe4 Kg7 64. Ka2 Qf2+ 65. Ka3 Qd4 66. Qe7+ Kg6 67. Qe8+ Kg5 68. Qe7+ Kf5 69. Qh7+ Ke5 70. Qh8+ Kd5 71. Qd8+ Ke6 72. Qe8+ Kf6 73. Qf8+ Kg5 74. Qe7+ Qf6 75. Qe3+ Qf4 76. Qe7+ Kf5 77. Qe2 Qb4+ 78. Ka2 Qe4 79. Qh5+ Ke6 80. Qe8+ Kd5 81. Qd7+ Ke5 82. Qg7+ Kd6 83. Qf6+ Kc7 84. Qf7+ Kb8 85. Qf8+ Ka7 86. Qf7+ Qb7 87. Qf1 h3 88. gxh3 g2 0-1

[Event "Czech Open GM 2019"]
[Site "Pardubice"]
[Date "2019.07.24"]
[Round "6.22"]
[White "Cholleti Sahajasri"]
[Black "Ter-Saakian, Grigorii"]
[Result "1-0"]
[WhiteElo "2223"]
[BlackElo "2338"]
[Annotator "NA"]
[PlyCount "47"]
[EventDate "2019.07.19"]
[EventType "swiss"]
[EventCountry "CZE"]
[SourceTitle "playchess.com"]
[Source "ChessBase"]
[SourceQuality "1"]

1. Nf3 d5 2. d4 Nf6 3. c4 c6 4. e3 Bf5 5. Nc3 e6 6. Nh4 Be4 7. f3 Bg6 8. Qb3 Qc7 9. Bd2 Be7 10. g3 Nbd7 11. cxd5 Nxd5 12. Nxg6 hxg6 13. e4 Nxc3 14. bxc3 O-O-O 15. Be3 c5 16. Rb1 Nb6 17. a4 Kb8 18. a5 Nc8 19. Ba6 cxd4 20. Bf4 Bd6 21. e5 Bf8 22. Bxb7 Ne7 23. Be4+ Kc8 24. cxd4 1-0

[Event "Czech Open GM 2019"]
[Site "Pardubice"]
[Date "2019.07.24"]
[Round "6.23"]
[White "Sylvan, Jacob"]
[Black "Mica, Marek"]
[Result "1/2-1/2"]
[WhiteElo "2326"]
[BlackElo "2222"]
[Annotator "NA"]
[PlyCount "83"]
[EventDate "2019.07.19"]
[EventType "swiss"]
[EventCountry "CZE"]
[SourceTitle "playchess.com"]
[Source "ChessBase"]
[SourceQuality "1"]

1. e4 c6 2. d4 d5 3. e5 Bf5 4. Be3 e6 5. Nd2 Nd7 6. f4 h5 7. Be2 Bg6 8. Ngf3 Be7 9. O-O Nh6 10. h3 Nf5 11. Bf2 h4 12. c4 dxc4 13. Nxc4 O-O 14. Rc1 Nb6 15. Nxb6 axb6 16. Qb3 b5 17. Rfd1 Qa5 18. a3 Rfd8 19. Bd3 Qa4 20. Qc3 b4 21. axb4 Bxb4 22. Qc4 Bf8 23. b3 Qb4 24. Bxf5 Bxf5 25. Bxh4 Rd5 26. Be1 Qb6 27. Ra1 Rc8 28. Bf2 Rb5 29. Ng5 Rb4 30. Qc1 Qb5 31. g4 Bg6 32. f5 exf5 33. gxf5 Bxf5 34. Qf4 g6 35. Qh4 Bg7 36. e6 fxe6 37. Rf1 Qd5 38. Qh7+ Kf8 39. Be3 Rxd4 40. Qxg6 Kg8 41. Qf7+ Kh8 42. Qh5+ 1/2-1/2

[Event "Czech Open GM 2019"]
[Site "Pardubice"]
[Date "2019.07.24"]
[Round "6.23"]
[White "Goriatchkin, Jouri"]
[Black "Gavrilescu, David"]
[Result "0-1"]
[WhiteElo "2316"]
[BlackElo "2473"]
[Annotator "TA"]
[PlyCount "62"]
[EventDate "2019.07.19"]
[EventType "swiss"]
[EventCountry "CZE"]
[SourceTitle "playchess.com"]
[Source "ChessBase"]
[SourceQuality "1"]

1. d4 d5 2. c4 e6 3. Nf3 Nf6 4. Nc3 Bb4 5. Qa4+ Nc6 6. e3 O-O 7. Bd2 dxc4 8. Bxc4 Bd6 9. Nb5 Be7 10. Nc3 a6 11. O-O Bd6 12. Rad1 e5 13. dxe5 Nxe5 14. Nxe5 Bxe5 15. Be2 Qe7 16. Qh4 Re8 17. e4 Bd7 18. Bg5 Bc6 19. f3 Qc5+ 20. Kh1 h6 21. Bd2 Rad8 22. Be1 Rxd1 23. Bxd1 Bb5 24. Bf2 Qb4 25. Rg1 Qxb2 26. Nxb5 axb5 27. Bb3 g5 28. Qxh6 Qxf2 29. Qxg5+ Kf8 30. Qh6+ Ke7 31. Qg5 Bd4 0-1

[Event "Czech Open GM 2019"]
[Site "Pardubice"]
[Date "2019.07.24"]
[Round "6.24"]
[White "Barski, Radoslaw"]
[Black "Vyskocil, Neklan"]
[Result "1/2-1/2"]
[WhiteElo "2468"]
[BlackElo "2304"]
[Annotator "TA"]
[PlyCount "54"]
[EventDate "2019.07.19"]
[EventType "swiss"]
[EventCountry "CZE"]
[SourceTitle "playchess.com"]
[Source "ChessBase"]
[SourceQuality "1"]

1. e4 c5 2. Nf3 Nc6 3. Nc3 e5 4. Bc4 d6 5. d3 Be7 6. O-O Nf6 7. Ng5 O-O 8. f4 h6 9. Nf3 exf4 10. Bxf4 Be6 11. Nd5 Re8 12. a3 a6 13. Qd2 Bf8 14. Nxf6+ Qxf6 15. Bxe6 Qxe6 16. Rae1 d5 17. e5 Rac8 18. Bg3 Be7 19. Qf2 Qf5 20. e6 fxe6 21. Qe2 Qg4 22. Qxe6+ Qxe6 23. Rxe6 Bf6 24. Rxe8+ Rxe8 25. c3 Re2 26. Rf2 Re6 27. Kf1 b5 1/2-1/2

[Event "Czech Open GM 2019"]
[Site "Pardubice"]
[Date "2019.07.24"]
[Round "6.24"]
[White "Zetocha, Claudiu"]
[Black "Stepan, Patrik"]
[Result "1/2-1/2"]
[WhiteElo "2316"]
[BlackElo "2221"]
[Annotator "NA"]
[PlyCount "101"]
[EventDate "2019.07.19"]
[EventType "swiss"]
[EventCountry "CZE"]
[SourceTitle "playchess.com"]
[Source "ChessBase"]
[SourceQuality "1"]

1. Nf3 Nf6 2. g3 c6 3. Bg2 d5 4. d3 Bg4 5. Nbd2 Nbd7 6. h3 Bxf3 7. Bxf3 e5 8. e4 Bd6 9. O-O O-O 10. b3 a5 11. exd5 cxd5 12. c4 Qc7 13. a3 d4 14. Bg2 Ra6 15. Rb1 Rb6 16. Qf3 Bc5 17. Re1 Re8 18. g4 Nf8 19. g5 N6d7 20. Ne4 Ng6 21. Bd2 Nh4 22. Qg4 Nxg2 23. Kxg2 Ra6 24. Bc1 Bf8 25. b4 axb4 26. axb4 Ra2 27. Re2 Rea8 28. Rxa2 Rxa2 29. Qd1 Qc6 30. Qb3 Ra8 31. c5 b5 32. f4 Be7 33. f5 g6 34. f6 Bd8 35. Kg3 Bc7 36. Bd2 Ra6 37. Rc1 Ra8 38. Rf1 Ra6 39. h4 Qa8 40. Bc1 Ra1 41. Kg2 Nf8 42. Bd2 Ra3 43. Qb1 Ne6 44. Rf3 Ra2 45. Rf2 Ra1 46. Qb2 Ra3 47. Qb1 Ra1 48. Qb2 Ra2 49. Qb1 Qa4 50. Bc1 Qa8 51. Bd2 1/2-1/2

[Event "Czech Open GM 2019"]
[Site "Pardubice"]
[Date "2019.07.24"]
[Round "6.25"]
[White "Gutman, Gennadi"]
[Black "Pesotskiy, Mikhail"]
[Result "1-0"]
[WhiteElo "2466"]
[BlackElo "2301"]
[Annotator "ChessBase"]
[PlyCount "70"]
[EventDate "2019.07.19"]
[EventType "swiss"]
[EventCountry "CZE"]
[SourceTitle "playchess.com"]
[Source "ChessBase"]
[SourceQuality "1"]

1. d4 Nf6 2. c4 e6 3. Nc3 Bb4 4. e3 O-O 5. Bd3 d5 6. a3 Bxc3+ 7. bxc3 dxc4 8. Bxc4 c5 9. Nf3 Qc7 10. Ba2 Nbd7 11. O-O b6 12. Bb2 Bb7 13. Qe2 Rac8 14. Rac1 e5 15. Nxe5 Nxe5 16. dxe5 Qxe5 17. c4 Qg5 18. f3 Rfe8 19. Rce1 Rcd8 20. Bb1 Nd7 21. f4 Qh6 22. e4 Nf8 23. e5 Ne6 24. Qf2 Nd4 25. Re3 f5 26. Rfe1 Qe6 27. Bd3 Rd7 28. Qh4 Red8 29. Rh3 h6 30. Bf1 Nc2 31. Rc1 Be4 32. Qh5 Kh7 33. Bc3 Nxa3 34. Be1 Nc2 35. Bh4 Re8 1-0